Tablas usuales /

Guardado en:
Autor Principal: Lascurain, Antonio
Formato: Libro
Publicado: Argentina : El Ateneo, 1967
Edición:21a. ed.
Materias:
Etiquetas: Agregar Etiqueta
Sin Etiquetas, Sea el primero en etiquetar este registro!
LEADER 00426nam a22001575a 4500
001 CEM.cems003746
008 130507s1967##################000#0#####d
005 20241210122128.0
245 1 0 |a Tablas usuales / 
250 |a 21a. ed. 
260 |a Argentina :  |b El Ateneo,  |c 1967 
300 |a 238 p. 
100 1 |a Lascurain, Antonio 
082 0 4 |a 510.83 
653 |a Matematica 
859 |a CEMS  |b BIB. CEMS - 11 de abril  |h 510.83  |i L333a21  |p 13163.84  |t Ej.2